| 000 | 00351nam a2200133Ia 4500 | ||
|---|---|---|---|
| 005 | 20251222144738.0 | ||
| 008 | 251222s9999||||xx |||||||||||||| ||spa|| | ||
| 020 | _a987-538-068-7 | ||
| 082 | _a372.416.677/K63 | ||
| 100 | _aKloosterman, Valentina | ||
| 245 | 0 | _aNiños, Cuentos y Palabras: | |
| 264 | _bMagisterio del Río de la Plata | ||
| 942 | _cLIB | ||
| 999 |
_c18848 _d18848 |
||